|
|
|
|
| LEADER |
00000nab a2200000 ar4500 |
| 001 |
vtls009003582 |
| 003 |
SK-MaSNL |
| 005 |
20260303065557.0 |
| 008 |
070509c2007 xo |||||||| 000 b|hun |
| 015 |
|
|
|a SNBRB2007/05
|2 snkbucl
|
| 038 |
|
|
|a SNKBUCL
|
| 040 |
|
|
|a DSZK
|b slo
|c DSZK
|e AACR2
|
| 041 |
0 |
|
|a hun
|
| 044 |
|
|
|a xo
|c SK
|
| 080 |
|
|
|a 821.511.141-93=511.141
|2 1997
|
| 080 |
|
|
|a 821.511.141-36(0.053.2)=511.141
|2 1997
|
| 080 |
|
|
|a 398.2
|x (=511.141)
|2 1997
|
| 245 |
0 |
0 |
|a A kis Sükey
|c Feldolgozta: -sztrecskó- ; illusztrálta Š. Horváth Klára
|
| 300 |
|
|
|b Obr.
|
| 650 |
0 |
7 |
|a anekdoty, maďarské
|2 snkbucl
|9 1057248
|
| 700 |
1 |
|
|a Šmídová, Klára,
|d 1956-
|4 ill
|9 133350
|
| 773 |
0 |
|
|t Tücsök
|g Évf. 17, sz. 7 (2007), o. 27
|
| 852 |
|
|
|a SNK
|b KIS3GCP
|
| 852 |
|
|
|a DSZK
|b KIS3GCP
|
| 958 |
|
|
|a HU
|
| 958 |
|
|
|a LX
|
| 958 |
|
|
|a DB
|
| 999 |
|
|
|c 1751773
|d 1753703
|